| 000 | 00602nam a2200205 i 4500 | ||
|---|---|---|---|
| 001 | 96789 | ||
| 003 | ES-MaACL | ||
| 005 | 20250815090751.0 | ||
| 007 | t| | ||
| 008 | 050630s1986 sp ||||1| spa d | ||
| 020 | _a84-309-1244-4 | ||
| 100 | 1 |
_aMangas Martín, Araceli. _976006 |
|
| 245 | 1 | 0 |
_aDerecho comunitario europeo y derecho español / _cAraceli Mangas Martín. |
| 260 |
_aMadrid : _bTecnos, _c1986. |
||
| 300 |
_a302 p. ; _c24 cm. |
||
| 490 | 1 | _aCiencias jurídicas | |
| 830 | 0 | 0 |
_aCiencias jurídicas (Tecnos) _9233358 |
| 852 |
_aES-MaACL _jL-10259 _bR.111888 |
||
| 999 |
_c96789 _d96789 |
||